[Event "Boksburg Inter Region-ch"]
[Site "Boksburg"]
[Date "2016.12.22"]
[Round "6.2"]
[White "Diplock, Graham"]
[Black "Mlambo, Alvin"]
[Result "0-1"]
[WhiteElo "1538"]
[BlackElo "1312"]
[PlyCount "172"]
[EventDate "2016.12.20"]
[EventType "team-swiss"]
[EventRounds "7"]
[EventCountry "RSA"]
[SourceTitle "CBM 176 Extra"]
[Source "ChessBase"]
[SourceDate "2017.03.02"]
[SourceVersion "1"]
[SourceVersionDate "2017.03.02"]
[SourceQuality "1"]
[WhiteTeam "Johannesburg Metro II"]
[BlackTeam "King Catchers"]
[WhiteTeamCountry "RSA"]
[BlackTeamCountry "RSA"]

1. d4 Nf6 2. Nf3 g6 3. c4 Bg7 4. Nc3 b6 5. e4 d6 6. Be2 Bb7 7. d5 Nbd7 8. 0-0 0-0 9. Qc2 Re8 10. Rb1 e5 11. b4 Qc8 12. Ba3 a5 13. Rfe1 axb4 14. Bxb4 Ba6 15. Nb5 Bxb5 16. cxb5 Ra7 17. Rbc1 Qb7 18. Nd2 Rea8 19. a3 Bh6 20. f3 Nc5 21. Bf1 Bxd2 22. Qxd2 Nb3 23. Qg5 Nxc1 24. Qxf6 Nb3 25. Bc4 Nc5 26. Bd2 Nd7 27. Qe7 Qc8 28. Bb4 Qd8 29. Qxd8+ Rxd8 30. Rc1 Nc5 31. Kf1 Na4 32. Rb1 Rf8 33. Ke2 f5 34. Bd3 Nc5 35. Bc2 fxe4 36. fxe4 Kg7 37. Bxc5 bxc5 38. a4 g5 39. Ke3 Rfa8 40. Kd3 Rf8 41. Ke3 Rfa8 42. Kd3 Kf6 43. Rf1+ Ke7 44. Ke2 Rxa4 45. Bxa4 Rxa4 46. Ke3 Rb4 47. Rf5 h6 48. h4 gxh4 49. Rh5 Rb3+ 50. Ke2 Rxb5 51. Rxh4 Rb4 52. Kf3 Rb3+ 53. Kf2 c4 54. Rxh6 c3 55. Ke3 Rb2 56. Rh7+ Kd8 57. Rh8+ Kd7 58. Rg8 Rd2 59. Ra8 Rxg2 60. Ra3 c2 61. Ra1 Ke7 62. Kd3 Kf6 63. Rc1 Kg5 64. Rf1 Kg4 65. Ke3 Kg3 66. Kd3 Kh2 67. Rc1 Rf2 68. Re1 Kg2 69. Rc1 Kf3 70. Re1 Kf4 71. Rc1 Kg5 72. Rg1+ Kf6 73. Rc1 Ke7 74. Kc3 Kd7 75. Rg1 Kc8 76. Kb2 Kb7 77. Rh1 Re2 78. Rh4 Kb6 79. Rg4 Kc5 80. Rg7 Kd4 81. Rxc7 Kxe4 82. Rc3 Kxd5 83. Rd3+ Kc5 84. Kc1 d5 85. Ra3 d4 86. Ra8 d3 0-1